000 00513nam a2200169Ia 4500
008 131103s9999 xx 000 0 und d
040 _aLoreto College
041 _aEnglish
082 _a891.44/DEY
_bLCLIB/19012
100 _aDey, Bishnu
245 _aMichael, Rabindranath o anynya jigyasa
_cBishnu Dey
260 _aCalcutta
_bMonisha Granthalay
_c1967
300 _a215p
_c 22cm
650 _aDutta, Michael Madhusudan: Tagore, Rabindranath
651 _aBengali Literature - Critical study
942 _cBK
999 _c19897
_d70376